=LDR 00000nam 2200000 4500 =001 001200 =005 20250710023739 =035 ##$$a 0010-0725000192 =007 ta =008 250710################a##########0#ind## =020 ##$$a 978-623-307-276-2 =082 ##$$a 398.209 598 =084 ##$$a 398.209 598 VIR k =100 #$$a Viraaj pathariya =245 1#$$a Kisah seorang gamer /$c Viraaj pathariya =250 ##$$a Cetakan kedua =260 ##$$a Rawamangun :$b Badan pengembangan dan pembinaan bahasa,$c 2022 =300 ##$$a 20 hlm. : $b Ilus. ; $c 29 cm =650 #4$$a Cerita anak indonesia-terjemahan =990 ##$$a TBM00440044